000 00431nam a2200169Ia 4500
008 180921t1982 xxu||||| |||| 00| 0 sin d
041 _asin
080 _a(x)627.8
_bSRI
245 _aගංගා
246 _aGanga
260 _b
_c1982
300 _a33p., ill., 21 cm
650 _aKandy
_aKohoba Kankariya
_aMahaweli
_aIrrigation
_aRandenigala
942 _cBK
999 _c18452
_d18452
003 LK-CoDNM
040 _aLK-CoDNM
_dLK-CoDNM
_eLK-CoDNM